Les hommes fossiles (Record no. 35800)

MARC details
000 -LEADER
campo de control de longitud fija 00524nam a2200181 i 4500
001 - NÚMERO DE CONTROL
campo de control 35800
003 - IDENTIFICADOR DE NÚMERO DE CONTROL
campo de control ES-MaACL
005 - FECHA Y HORA DE LA ÚLTIMA TRANSACCIÓN
campo de control 20260518135218.0
007 - CAMPO FIJO DE DESCRIPCIÓN FÍSICA--INFORMACIÓN GENERAL
campo de control de longitud fija t|
008 - DATOS DE LONGITUD FIJA--INFORMACIÓN GENERAL
campo de control de longitud fija 030214s1921 fr ||||1| fre d
100 1# - ENTRADA PRINCIPAL--NOMBRE DE PERSONA
Nombre de persona Boule, Marcellin.
9 (RLIN) 30907
245 14 - MENCIÓN DEL TÍTULO
Título Les hommes fossiles
Resto del título : eléments de paléontologie humaine /
Mención de responsabilidad, etc. Marcellin Boule.
260 ## - PUBLICACIÓN, DISTRIBUCIÓN, ETC.
Lugar de publicación, distribución, etc. París :
Nombre del editor, distribuidor, etc. Masson et Cie,
Fecha de publicación, distribución, etc. 1921 (
Lugar de fabricación/manufactura Corbeil :
Fabricante Crété)
300 ## - DESCRIPCIÓN FÍSICA
Extensión XI, 492 p. :
Otras características físicas il. ;
Dimensiones 26 cm
852 ## - LOCALIZACIÓN
Ubicación ES-MaACL
Número de control de estantería C-1657
942 ## - ELEMENTOS DE ENTRADA SECUNDARIOS (KOHA)
Fuente del sistema de clasificación o colocación Clasificación decimal universal
Holdings
Estatus retirado Estado de pérdida Estado de daño No para préstamo Biblioteca de origen Biblioteca actual Ubicación en estantería Fecha de adquisición Fuente de adquisición Total de préstamos Signatura topográfica completa Código de barras Visto por última vez Precio de reemplazo Tipo de ítem Koha
        Biblioteca del Ateneo de Madrid Biblioteca del Ateneo de Madrid Sala Palomar 17/01/2008     C-1657 1037503 23/02/2023 23/02/2023 Libro impreso